Recent trends in educational technology / (Record no. 56531)

MARC details
000 -LEADER
fixed length control field 00806nam a22002417a 4500
005 - DATE AND TIME OF LATEST TRANSACTION
control field 20110908142246.0
008 - FIXED-LENGTH DATA ELEMENTS--GENERAL INFORMATION
fixed length control field 110908t xxu||||| |||| 00| 0 eng d
010 ## - LCCN (DPL NO)
LC control number ENG-103659
020 ## - INTERNATIONAL STANDARD BOOK NUMBER
International Standard Book Number 9789350012543
Terms of availability 80.00
035 ## - SYSTEM CONTROL NUMBER
System control number EN-87192
037 ## - SOURCE OF ACQUISITION
Source of stock number/acquisition DBAD/PUB
040 ## - CATALOGING SOURCE
Original cataloging agency DPL
Language of cataloging Eng
082 ## - DEWEY DECIMAL CLASSIFICATION NUMBER
Classification number 371.3078
100 ## - MAIN ENTRY--PERSONAL NAME
9 (RLIN) 34630
Personal name Jeevanantham, V.
245 ## - TITLE STATEMENT
Title Recent trends in educational technology /
Statement of responsibility, etc by V. Jeevanantham
260 ## - PUBLICATION, DISTRIBUTION, ETC. (IMPRINT)
Place of publication, distribution, etc Perambalur
Name of publisher, distributor, etc Mercury Printers & Publishers
Date of publication, distribution, etc 2010
270 ## - ADDRESS
Address Perambalur
Postal code 621212
300 ## - PHYSICAL DESCRIPTION
Extent 70p.
Dimensions 22cm (pbk)
650 ## - SUBJECT ADDED ENTRY--TOPICAL TERM
9 (RLIN) 34631
700 ## - ADDED ENTRY--PERSONAL NAME
9 (RLIN) 34646
942 ## - ADDED ENTRY ELEMENTS (KOHA)
Source of classification or shelving scheme Dewey Decimal Classification
Item type English Books
Classification part 371.3078
Call number suffix JEE
Holdings
Withdrawn status Lost status Source of classification or shelving scheme Damaged status Not for loan Collection code Home library Current library Date acquired Source of acquisition Cost, normal purchase price Total Checkouts Full call number Barcode Date last seen Copy number Cost, replacement price Koha item type
    Dewey Decimal Classification   Not For Loan Non-fiction D.B.Act.Division D.B.Act.Division 08/09/2011 DBAD/PUB 80.00   371.3078 JEE EN-87192 08/09/2011 1 80.00 English Books

© Delhi Public Library
Hit Counter
free hit counter